| 000 | 00535nam a2200193Ia 4500 | ||
|---|---|---|---|
| 003 | LDD | ||
| 008 | 181029s9999 xx 000 0 und d | ||
| 020 |
_a761971475 _cP 24.99 |
||
| 040 | _cLDD | ||
| 100 | _aSmith, Malcolm | ||
| 245 | 0 |
_aResearch methods in accounting _cMalcolm Smith |
|
| 260 |
_aLondon _bSage _c2006 |
||
| 300 | _axiv, 241p. | ||
| 365 | _bP 24.99 | ||
| 901 |
_a3623 _b05-01-2007 |
||
| 902 |
_aANE/D/655 _b23-02-2007 _cF _dANE _e65 |
||
| 903 |
_aDiscount-10 _bReqst by : Khanna, Beerendra Bahadur (Dr |
||
| 942 |
_2ddc _cBK |
||
| 999 |
_c78151 _d78151 |
||